000 00255nam a22000857a 4500
008 160712b xxu||||| |||| 00| 0 eng d
100 _92663
_a Iyengar, G
245 _aYou Asked for it!: Stories of Apoorva Bhatta
260 _aNew Delhi
_bChildren book Trust
_c2004
999 _c2316
_d2316